Modern nature : diario 1989-1990 /

Kaydedildi:
Detaylı Bibliyografya
Yazar: Jarman, Derek (Yazar)
Materyal Türü: Kitap
Dil:İtalyanca
Baskı/Yayın Bilgisi: Milano : Ubulibri, \1992!
Seri Bilgileri:I libri bianchi
Konular:
Etiketler: Etiketle
Etiket eklenmemiş, İlk siz ekleyin!

MARC

LEADER 00000nam a2200000 i 4500
001 IT\ICCU\LO1\0102873
003 ItRI
005 20260115231929.0
008 921027s1992 it |||||| ||||| |||||c
020 |a 8877481226 
040 |b ita  |c importazione bologna sebina 
041 7 |a ita  |2 ISO-639-2 
082 |a 791.430233092  |9 CINEMA. REGIA. PERSONE COLLEGATE CON IL SOGGETTO  |2 19 
100 1 |a Jarman, Derek  |0 IT\ICCU\LO1V\087465  |4 aut 
240 1 0 |a Modern nature.  |3 IT\ICCU\LO1\0246104 
245 1 0 |a Modern nature :  |b diario 1989-1990 /  |c Derek Jarman. 
260 |a Milano :  |b Ubulibri,  |c \1992! 
300 |a 317 p. ;  |c 22 cm 
500 |a Trad. di Manlio Benigni, Giulio Lupieri. 
650 7 |a Jarman, Derek  |x Diari e memorie  |2 scbi 
830 2 |a I libri bianchi  |0 IT\ICCU\CFI\0060335 
942 |2 ddc  |c BK  |n 0 
952 |0 0  |1 0  |4 0  |6 DOC_791_430000000000000_JAR  |7 0  |9 16927  |a BO  |b BO  |d 2026-01-15  |i 11894  |l 0  |o DOC 791.430 JAR  |p BO11894  |r 2026-01-15 23:19:29  |w 2026-01-15  |x [Sebina 5] [1 v. (2. copia)]  |y BK  |z 1 v. (2. copia) 
952 |0 0  |1 0  |4 0  |6 DOC_791_430000000000000_JAR  |7 0  |9 16928  |a BO  |b BO  |d 2026-01-15  |i 2904  |l 0  |o DOC 791.430 JAR  |p BO2904  |r 2026-01-15 23:19:29  |w 2026-01-15  |x [Sebina 5] [1 v.]  |y BK  |z 1 v. 
952 |0 0  |1 0  |4 0  |6 DOC_791_430000000000000_JAR  |7 0  |9 16929  |a BO  |b BO  |d 2026-01-15  |i 16201  |l 0  |o DOC 791.430 JAR  |p BO16201  |r 2026-01-15 23:19:29  |w 2026-01-15  |x [Sebina 5] [1 v.]  |y BK  |z 1 v. (3. copia) 
999 |c 14460  |d 14460